Slovenský umelecký preklad - stimul a meradlo (výberová bilancia) 2. časť

Bibliographic Details
Main Author: Jurovská, Michaela, 1943- (Author)
Format: Article
Language:Slovak
ISSN:0231-6714
Subjects:

MARC

LEADER 00000nab a2200000 a 4500
001 vtls001496372
003 SK-MaSNL
005 20260303073351.0
008 131118c2004 xo mr|p|||||||000 b|slo
015 |a SNBRB2005/02  |2 snkbucl 
038 |a SNKBUCL 
040 |a SNKBUCL  |b slo  |c SNKBUCL  |e AACR2 
041 0 |a slo 
044 |a xo  |c SK 
080 |a 82.0:81`255.4:821 (100)  |2 1997 
080 |a 81`255.4:821 (100)  |2 1997 
080 |a 821 (100)`255.4(=162.4)  |2 1997 
100 1 |a Jurovská, Michaela,  |d 1943-  |4 aut  |9 12906 
245 1 0 |a Slovenský umelecký preklad - stimul a meradlo  |b (výberová bilancia)  |n 2. časť  |c Michaela Jurovská 
648 7 |a 2003  |2 snkbucl  |9 301018 
650 0 7 |a svetová literatúra  |2 snkbucl  |9 1433 
650 0 7 |a preklady do slovenčiny  |2 snkbucl  |9 59836 
773 0 |t Romboid  |g Roč. XXXIX, č. 9 (2004), s. 80-91  |x 0231-6714 
852 |a SNK  |b KIS3GCP 
958 |a LX 
999 |c 1767372  |d 1769302